000 00997nam a2200301 i 4500
003 EG-GICUC
005 20260121101526.0
008 251220s1930 fr ||||fr|||| 00| 0 fre d
040 _aEG-GiCUC
_bfre
_cEG-GiCUC
_dEG-GiCUC
_eRda
041 _afre
082 0 4 _221
_a341.83062
_bME . E
092 0 4 _221
099 _aLaw1 12 341.83062 ME . E 1930
100 1 _aMeyer, Georges.
_eAuteur
245 1 2 _aL’egypte Contemporaine Et Les Capitulations /
_cGeorge Meyer.
264 1 _aParis :
_bPresses universitaires,
_c1930.
300 _a472 pages ;
_c24 cm.
336 _2rda contenu
_a texte
337 _2rda medias
_aOrdinateur
338 _2 transporteur rda
_a Ressource en ligne
504 _aInclude Bibliography And Bibliographic references
546 _aTexte en français
650 1 _aÉtrangers
_xPrivate international law
_zÉgypte
_2qrmak
651 1 _2qrmak
856 4 0 _uhttps://fll.law.cu.edu.eg/fulltext/bks/B12-01658.pdf
905 _a75
_eYara
942 _2ddc
_n0
_cBK
_e21
999 _c51785
_d51785